000 00685nam a22001937a 4500
003 OSt
005 20180116183029.0
008 151217b xxu||||| |||| 00| 0 eng d
020 _a02-626-2011-1
024 _202-626-2011-1
040 _cLahore LUMS
082 _a174.4 LUM 2011
100 _aZeeshan Ahmed, Imran Chaudhary, Junaid Ashraf
245 _aJASSAR FARMS PRIVATE LIMITED: THE PREDICAMENT OF LIVESTOCK VALUATION
_cZeeshan Ahmed, Imran Chaudhary, Junaid Ashraf
260 _aLahore LUMS
_bLahore University of Management Sciences
_c2011
300 _a18 p.
_bPapers
440 _aJASSAR FARMS PRIVATE LIMITED: THE PREDICAMENT OF LIVESTOCK VALUATION
942 _2ddc
_cCS
999 _c350946
_d350946